000
00212 a2200097 4500
001
58289
100
_a
245
_a
Aakhiri commander inchief
260
_a
Lahore
_b
Dost Publishers
_c
1999
090
_c
35784
_d
35784
942
_a
NUST-CAE
_c
_c
28651
999
_c
293362
_d
293362